000 00618nam a2200181 4500
999 _c371029
_d371029
008 210326b ||||| |||| 00| 0 eng d
040 _aDE-2950
_bger
_cDE-2950
_erda
245 _aJahrbuch 2021 wird präsentiert:
_bMuseum Viadrina lädt am Mittwoch zur Veranstaltung ein/
653 _aFrankfurt (Oder)
653 _aMuseum Viadrina
653 _aFrankfurter Jahrbuch
653 _aVeranstaltung
773 _dFrankfurt (Oder) : Märkisches Medienhaus
_tMärkischer Sonntag
_g23. Jahrgang, Nr. 43 vom 23./24.10.2021, S. 1
942 _cA